Superhero Movies by Year - 2021 - Statistics

General Stats
  • This quiz has been taken 25 times
  • The average score is 4 of 8
Answer Stats
Actor Movie % Correct
Scarlett Johansson Black Widow
96%
John Cena The Suicide Squad
57%
Salma Hayek Eternals
52%
Willem Dafoe Spider-Man: No Way Home
52%
Tom Hardy Venom: Let There Be Carnage
43%
Awkwafina Shang-Chi and the Legend of the Ten Rings
30%
Henry Cavill Zack Snyder's Justice League
26%
Ralph Fiennes The King's Man
13%
No matching quizzes found
Score Distribution
Percent of People with Each Score
Percentile by Number Answered
Your Score History
You have not taken this quiz